000 00322nam a2200133Ia 4500
005 20251222154428.0
008 251222s9999||||xx |||||||||||||| ||spa||
020 _a978-0-538-45305-9
082 _a330.1/M22/2012
100 _a"Mankiw, N. Gregory"
245 0 _aPrincipios de economía
250 _a6a.ed.
942 _cLIB
999 _c36304
_d36304